On This Day: May 6th II Quiz Stats

 Plays Quiz Updated May 6, 2018

Score 0/7 Timer 03:00
0 Plays Today
Question Answer Wrong Answers
The German zeppelin ______ catches fire and is destroyed within a minute while attempting to dock at Lakehurst, New Jersey.
1937
Hindenburg
95.8%
Heisenberg
1.6%
Hamburg
1.1%
Hachenburg
0.4%
This American actor, writer, and director, known for his 1938 radio adaptation of H. G. Wells' novel, ‘The War of the Worlds’, is born.
1915
Orson Welles
93.3%
Alfred Hitchcock
3.3%
Charlie Chaplin
1%
John Huston
1.7%
After further examination by forensic experts, the alleged diaries of this former dictator, which a West German news magazine had purchased for $3.7 million, are revealed as a hoax.
1983
Adolf Hitler
91.9%
Benito Mussolini
2.8%
Joseph Stalin
2.6%
Francisco Franco
1.3%
At California’s March Field, this entertainer performs his first USO show for soldiers, starting what would become a lifetime of USO involvement.
1941
Bob Hope
87.9%
Johnny Carson
2.8%
Frank Sinatra
5.9%
George Burns
2.1%
At the command of King Buddha Yodfa Chulaloke, construction begins on the Grand Palace, the royal residence of the King of Siam in ______.
1782
Bangkok
80.8%
Hanoi
3.7%
Jakarta
4.7%
Singapore
10.7%
Queen Elizabeth II of the United Kingdom and French President ______ officiate at the opening of the Channel Tunnel.
1994
François Mitterrand
73.8%
Emmanuel Macron
3.4%
Nicolas Sarkozy
9.2%
François Hollande
12%
George V becomes King of the United Kingdom upon the death of his father, ______.
1910
Edward VII
59.5%
William IV
6.2%
George IV
30.1%
James II
4%

You're not logged in!

Compare scores with friends on all Sporcle quizzes.
OR
Log In

Sporcle TV

Today on Sporcle TV


Watch our educational content, quiz creation guides, and fun videos on Sporcle TV.

Show Comments

Extras

Top Quizzes Today


Score Distribution

Your Account Isn't Verified!

In order to create a playlist on Sporcle, you need to verify the email address you used during registration. Go to your Sporcle Settings to finish the process.

Report this User

Report this user for behavior that violates our Community Guidelines.

Details: